[Event "Doha 2006"]
[Site "Doha"]
[Date "2006.12.11"]
[Round "6"]
[White "(UAE) Saleh Noura Mohd"]
[Black "(BAN) Akter Shamima Liza"]
[Result "0-1"]
[WhiteElo "1879"]
[BlackElo "2096"]
[PlyCount "84"]
[EventDate "2006.??.??"]
[WhiteTeam "United Arab Emirates"]
[BlackTeam "Bangladesch"]
[WhiteTeamCountry "UAE"]
[BlackTeamCountry "BAN"]

1. d4 d5 2. Nf3 Nf6 3. c4 c6 4. e3 e6 5. Bd3 Nbd7 6. O-O Bd6 7. Nbd2 O-O 8. e4
dxe4 9. Nxe4 Nxe4 10. Bxe4 h6 11. Bc2 Re8 12. Qd3 Nf6 13. b3 b6 14. Bb2 Bb7 15.
Rad1 c5 16. Rfe1 cxd4 17. Bxd4 Bb4 18. Re3 Bc5 19. Bxf6 Qxd3 20. Rexd3 gxf6 21.
Nd4 Red8 22. Nb5 Rxd3 23. Rxd3 Bc6 24. Nd4 Bb7 25. Nb5 f5 26. Nc3 Bc6 27. Kf1
Kf8 28. f3 Ke7 29. Ke2 Rg8 30. Kf1 Rb8 31. Nb5 a6 32. Nd4 Bb7 33. Bb1 Rc8 34.
Ke2 Bd6 35. g3 h5 36. f4 h4 37. Rd1 hxg3 38. hxg3 Rg8 39. Kf2 Bc5 40. Bc2 Rh8
41. Ke3 Rh2 42. Kd3 Be4+ 0-1

[Event "Doha 2006"]
[Site "Doha"]
[Date "2006.12.11"]
[Round "6"]
[White "(SRI) Russell M K A"]
[Black "(JOR) Samhouri Ahmed"]
[Result "0-1"]
[WhiteElo "2234"]
[BlackElo "2322"]
[PlyCount "94"]
[EventDate "2006.??.??"]
[WhiteTeam "Sri Lanka"]
[BlackTeam "Jordanien"]
[WhiteTeamCountry "SRI"]
[BlackTeamCountry "JOR"]

1. Nf3 d5 2. d4 Nf6 3. c4 c6 4. g3 dxc4 5. Bg2 b5 6. O-O Bb7 7. a4 a6 8. b3
cxb3 9. Ne5 Qb6 10. Qxb3 e6 11. Nc3 Nbd7 12. Be3 Nd5 13. Nxd7 Kxd7 14. Bd2 Nxc3
15. Bxc3 Bd6 16. e4 Rhe8 17. e5 Be7 18. a5 Qc7 19. Rac1 Red8 20. Rfd1 Ke8 21.
Bb4 Rac8 22. Bxe7 Qxe7 23. Rc5 Rxd4 24. Rdc1 Qd7 25. Qc2 Rd2 26. Qc3 Rd1+ 27.
Bf1 Rxc1 28. Qxc1 Rd8 29. Qc2 Qd4 30. Kg2 Rd5 31. Rc3 Rxe5 32. Kg1 c5 33. Rd3
Qe4 34. f3 Qe1 35. Rd1 Qe3+ 36. Qf2 Qxf2+ 37. Kxf2 Rd5 38. Rb1 Rd2+ 39. Ke3 Ra2
40. Bxb5+ axb5 41. Rxb5 Bd5 42. Rxc5 Kd7 43. Rb5 Kc6 44. Rb8 Rxa5 45. f4 Ra2
46. Rg8 Rxh2 47. Rxg7 f5 0-1

[Event "Doha 2006"]
[Site "Doha"]
[Date "2006.12.11"]
[Round "6"]
[White "(JOR) Rimawi Bahjat  T"]
[Black "(SRI) Anuruddha G C"]
[Result "1-0"]
[WhiteElo "2308"]
[BlackElo "2204"]
[PlyCount "59"]
[EventDate "2006.??.??"]
[WhiteTeam "Jordanien"]
[BlackTeam "Sri Lanka"]
[WhiteTeamCountry "JOR"]
[BlackTeamCountry "SRI"]

1. e4 d6 2. d4 Nf6 3. Nc3 g6 4. f4 Bg7 5. Nf3 O-O 6. Bd3 Bg4 7. h3 Bxf3 8. Qxf3
Nc6 9. Be3 e5 10. dxe5 dxe5 11. f5 Nd4 12. Qf2 c5 13. g4 Ne8 14. Nd5 Rc8 15. c3
c4 16. Bf1 Nb5 17. O-O-O Nbd6 18. Bg2 f6 19. h4 Rf7 20. g5 Qa5 21. fxg6 hxg6
22. h5 fxg5 23. Qe2 Qxa2 24. hxg6 Rd7 25. Qg4 Qa1+ 26. Kc2 Qa4+ 27. Kb1 Nxe4
28. Bxe4 Kf8 29. Rdf1+ Nf6 30. Nxf6 1-0

[Event "Doha 2006"]
[Site "Doha"]
[Date "2006.12.11"]
[Round "6"]
[White "(SRI) Methmali Yasoda"]
[Black "(JOR) Jamalia Natalia"]
[Result "0-1"]
[WhiteElo "1895"]
[BlackElo "1988"]
[PlyCount "196"]
[EventDate "2006.??.??"]
[WhiteTeam "Sri Lanka"]
[BlackTeam "Jordanien"]
[WhiteTeamCountry "SRI"]
[BlackTeamCountry "JOR"]

1. e4 c5 2. Nc3 e6 3. f4 d6 4. Nf3 Nf6 5. d3 Be7 6. g3 a6 7. Bg2 O-O 8. O-O Nc6
9. Ne2 Qc7 10. h3 b5 11. g4 Bb7 12. Ng3 Rac8 13. Qe1 Rfd8 14. g5 Nd7 15. f5
exf5 16. Nxf5 Nde5 17. Qg3 Nxf3+ 18. Bxf3 Ne5 19. Bg2 Ng6 20. h4 Bf8 21. h5 Ne7
22. Bh3 Nxf5 23. Bxf5 Rb8 24. g6 f6 25. gxh7+ Kh8 26. Bd2 Qe7 27. Ba5 Re8 28.
Bg6 Qe5 29. Qxe5 Rxe5 30. Bd2 Rd8 31. h6 d5 32. Bf4 Re7 33. e5 Re6 34. Bf5 Rc6
35. exf6 gxf6 36. Rae1 Bc8 37. Bg6 Bxh6 38. Bxh6 f5 39. Bf7 Rxh6 40. Bg8 Rdd6
41. Re8 Bd7 42. Rb8 Kg7 43. Rb7 Kf6 44. Rf2 Be8 45. Rh2 Bh5 46. Kf2 d4 47. Rb8
Kg7 48. Rg2+ Bg4 49. Rb7+ Kh8 50. Rb8 Kg7 51. Kg3 Rdg6 52. Rb7+ Kh8 53. Kf2 Rh3
54. Rb8 Rg7 55. Rg3 Rh2+ 56. Rg2 Rh6 57. a3 Re7 58. Rd8 Rh3 59. Kg1 Re1+ 60.
Kf2 Re2+ 61. Kg1 Re1+ 62. Kf2 Rhh1 63. Kg3 Ref1 64. Rf2 Rhg1+ 65. Rg2 f4+ 66.
Kxg4 Rxg2+ 67. Kh3 Rg3+ 68. Kh2 Rf2+ 69. Kh1 Re3 70. Kg1 Rxc2 71. Bb3+ Kxh7 72.
Bxc2 Re2 73. Bb3 Rxb2 74. Bd5 Kg6 75. Rd6+ Kg5 76. Rxa6 Kg4 77. Rg6+ Kh4 78.
Rc6 Kg3 79. Rg6+ Kh4 80. Rc6 Kg3 81. Rg6+ Kh4 82. Rc6 f3 83. Bxf3 Kg3 84. Bd1
Rb1 85. Rg6+ Kf4 86. Rf6+ Ke3 87. Rf1 Kd2 88. Be2 Rb3 89. Bg4 Rxa3 90. Rd1+ Kc3
91. Kf2 Ra2+ 92. Ke1 Rc2 93. Rb1 b4 94. Bd1 b3 95. Bxc2 bxc2 96. Rc1 Kxd3 97.
Ra1 Kc3 98. Rc1 d3 0-1

[Event "Doha 2006"]
[Site "Doha"]
[Date "2006.12.11"]
[Round "6"]
[White "(NEP) Shresta  Bilam Lal"]
[Black "(JPN) Nanjo Ryosuke"]
[Result "1-0"]
[WhiteElo "2104"]
[BlackElo "2186"]
[PlyCount "181"]
[EventDate "2006.??.??"]
[WhiteTeam "Nepal"]
[BlackTeam "Japan"]
[WhiteTeamCountry "NEP"]
[BlackTeamCountry "JPN"]

1. e4 c5 2. Nf3 d6 3. d4 cxd4 4. Nxd4 Nf6 5. Nc3 g6 6. f3 Bg7 7. Be3 Nc6 8. Qd2
Bd7 9. g4 Rc8 10. h4 h5 11. g5 Nh7 12. Nxc6 bxc6 13. Bd4 Bxd4 14. Qxd4 O-O 15.
Qxa7 Ra8 16. Qe3 Qa5 17. O-O-O Be6 18. b3 Qa3+ 19. Kb1 Rfb8 20. Rh2 c5 21. Bh3
Nf8 22. Bxe6 Nxe6 23. e5 c4 24. exd6 exd6 25. Qc1 Qa5 26. Qb2 Rc8 27. b4 Qe5
28. Rhd2 Ra6 29. a4 Nf4 30. b5 Rb8 31. Qb4 Rxa4 32. Qxa4 Qxc3 33. Rxd6 Kg7 34.
b6 Qxf3 35. Qc6 Qa3 36. Qxc4 Ra8 37. Qd4+ Kh7 38. Qb2 Qf3 39. Qf6 Rf8 40. Rd7
Kg8 41. Rd8 Kh7 42. R8d4 Qb7 43. Rxf4 Qa6 44. Qb2 Qe2 45. Rfd4 Qf3 46. Qb3 Qa8
47. Rd7 Kh8 48. Qb4 Kg7 49. b7 Qb8 50. Qd6 Qe8 51. b8=Q Qxb8+ 52. Qxb8 Rxb8+
53. Kc1 Rb4 54. R1d4 Rb5 55. Rf4 Rb8 56. Rdxf7+ Kg8 57. Kd2 Rd8+ 58. Ke3 Re8+
59. Kf3 Rc8 60. Rf8+ Rxf8 61. Rxf8+ Kxf8 62. Ke4 Ke8 63. Ke5 Ke7 64. c4 Kf7 65.
Kd6 Ke8 66. Ke6 Kd8 67. Kf6 Kc7 68. Kxg6 Kd6 69. Kxh5 Kc5 70. g6 Kxc4 71. g7
Kd4 72. Kg6 Ke5 73. h5 Ke4 74. h6 Ke5 75. h7 Ke4 76. h8=R Ke5 77. Rd8 Ke4 78.
Kf6 Kf4 79. Rd4+ Ke3 80. Ke5 Kf3 81. Rd3+ Ke2 82. Ke4 Kf2 83. Rd2+ Kg3 84. Re2
Kg4 85. Rg2+ Kh3 86. Ke3 Kxg2 87. g8=R+ Kh3 88. Kf4 Kh2 89. Kf3 Kh1 90. Kf2 Kh2
91. Rh8# 1-0

[Event "Doha 2006"]
[Site "Doha"]
[Date "2006.12.11"]
[Round "6"]
[White "(JPN) Kojima Shinya"]
[Black "(NEP) Surbir Lama"]
[Result "1-0"]
[WhiteElo "2187"]
[BlackElo "2095"]
[PlyCount "55"]
[EventDate "2006.??.??"]
[WhiteTeam "Japan"]
[BlackTeam "Nepal"]
[WhiteTeamCountry "JPN"]
[BlackTeamCountry "NEP"]

1. e4 e5 2. Nf3 Nc6 3. d4 exd4 4. Nxd4 Bc5 5. Be3 Qf6 6. c3 Bb6 7. Be2 d6 8.
O-O Bd7 9. Na3 Qg6 10. f3 Nge7 11. Nc4 O-O 12. Nxb6 axb6 13. Kh1 f5 14. exf5
Nxf5 15. Nxf5 Bxf5 16. Bf2 Rae8 17. Bc4+ Kh8 18. Bd5 h6 19. Qd2 Be6 20. c4 Qh5
21. Rac1 Bc8 22. Rfe1 Nd8 23. Rxe8 Rxe8 24. Re1 Bd7 25. Bd4 Nc6 26. Rxe8+ Bxe8
27. Qf4 Kh7 28. Qf8 1-0

[Event "Doha 2006"]
[Site "Doha"]
[Date "2006.12.12"]
[Round "7"]
[White "Pourkashian, A. (IRI)."]
[Black "Koneru, H. (IND)."]
[Result "0-1"]
[WhiteElo "2329"]
[BlackElo "2545"]
[PlyCount "121"]
[EventDate "2006.??.??"]
[WhiteTeam "Iran"]
[BlackTeam "Indien"]
[WhiteTeamCountry "IRI"]
[BlackTeamCountry "IND"]

1. e4 e5 2. Nf3 Nc6 3. d4 exd4 4. Nxd4 Bc5 5. Nxc6 Qf6 6. Qf3 bxc6 7. Nd2 Qxf3
8. gxf3 d5 9. Nb3 Bd6 10. c4 Nf6 11. c5 Be7 12. Bd3 a5 13. Be3 O-O 14. Rc1 dxe4
15. fxe4 Ng4 16. Bf4 Rd8 17. Be2 a4 18. Nd2 Ra7 19. Rg1 Nf6 20. Bh6 g6 21. Bg5
Kg7 22. Be3 Nd7 23. Nf3 Bf6 24. Nd4 Nb8 25. Rd1 Re8 26. Bf3 Rb7 27. Rd2 Nd7 28.
Rc2 Ne5 29. Be2 Rd8 30. Rd2 Re8 31. Rc2 Kg8 32. f4 Nd7 33. e5 Bh4+ 34. Kd2 Nb8
35. Bf3 Bd7 36. Rd1 f6 37. Be2 fxe5 38. Bc4+ Kh8 39. fxe5 Bg4 40. Rf1 Nd7 41.
Nxc6 Bf5 42. Bd4 Bg5+ 43. Kc3 Kg7 44. e6+ Nf6 45. Rxf5 gxf5 46. Rg2 Kh6 47. h4
Ne4+ 48. Kc2 Bf6 49. Ne5 Kh5 50. Be2+ Kxh4 51. Nf3+ Kh3 52. Bf1 Ng3 {Diagram #}
53. Rh2+ $2 (53. Ng1+ Kg4 54. Be2+ Kf4 55. Nh3+ Ke4 56. Bxf6 $16) 53... Kg4 54.
Bh3+ Kxf3 55. Rf2+ Ke4 56. Bxf6 Ke3 57. Rd2 Ne4 58. Rd3+ Kf4 59. Bd4 c6 60. Rd1
Ng5 61. Bg2 0-1

[Event "Doha 2006"]
[Site "Doha"]
[Date "2006.12.12"]
[Round "7"]
[White "Al-Modiahki, M. (QAT)."]
[Black "Sadvakasov, D. (KAZ)."]
[Result "0-1"]
[WhiteElo "2550"]
[BlackElo "2596"]
[PlyCount "66"]
[EventDate "2006.??.??"]
[WhiteTeam "Qatar"]
[BlackTeam "Kazakhstan"]
[WhiteTeamCountry "QAT"]
[BlackTeamCountry "KAZ"]

1. e4 e5 2. Nf3 Nc6 3. Bb5 a6 4. Ba4 Nf6 5. d3 d6 6. c3 g6 7. Nbd2 Bg7 8. Nf1
O-O 9. Bg5 h6 10. Bh4 b5 11. Bc2 Bb7 12. Ne3 Nb8 13. g4 Nbd7 14. g5 hxg5 15.
Nxg5 d5 16. Qe2 c5 17. Rg1 d4 18. Ng4 dxc3 19. bxc3 Qa5 20. Kf1 Nxg4 21. Qxg4
Nf6 22. Qf3 Qxc3 23. Rc1 Nh5 24. Kg2 Nf4+ 25. Kh1 c4 26. Bg3 {Diagram #} f6 27.
Nh7 f5 28. Bb1 Qa3 29. Bxf4 Bxe4 30. Qxe4 fxe4 31. Nxf8 Qxf8 32. Be3 Qf3+ 33.
Rg2 exd3 0-1

[Event "Doha 2006"]
[Site "Doha"]
[Date "2006.12.12"]
[Round "7"]
[White "Kazhgaleyev, M. (KAZ)."]
[Black "Al Sayed, M.N.(QAT)."]
[Result "1-0"]
[WhiteElo "2609"]
[BlackElo "2486"]
[PlyCount "37"]
[EventDate "2006.??.??"]
[WhiteTeam "Kazakhstan"]
[BlackTeam "Qatar"]
[WhiteTeamCountry "KAZ"]
[BlackTeamCountry "QAT"]

1. d4 Nf6 2. c4 e6 3. Nf3 b6 4. g3 Ba6 5. Qc2 c5 6. d5 exd5 7. cxd5 Bb7 8. Bg2
Nxd5 9. Qb3 Nc7 10. Ne5 d5 11. Nc3 Bd6 {Diagram #} 12. Nxf7 Kxf7 13. Nxd5 Kf8
14. Bg5 Bxd5 15. Bxd8 Bxg2 16. O-O-O Bxh1 17. Rxd6 Ne8 18. Qe6 Nc6 19. Rd7 1-0

[Event "Doha 2006"]
[Site "Doha"]
[Date "2006.12.12"]
[Round "7"]
[White "Dao Thien, H. (VIE)."]
[Black "Bu, Xiangzhi (CHN)"]
[Result "0-1"]
[WhiteElo "2557"]
[BlackElo "2671"]
[PlyCount "70"]
[EventDate "2006.??.??"]
[WhiteTeam "Vietnam"]
[BlackTeam "China"]
[WhiteTeamCountry "VIE"]
[BlackTeamCountry "CHN"]

1. d4 d5 2. c4 c6 3. Nf3 Nf6 4. Nc3 dxc4 5. a4 Bf5 6. Ne5 Nbd7 7. Nxc4 Qc7 8.
g3 e5 9. dxe5 Nxe5 10. Bf4 Nfd7 11. Bg2 g5 12. Ne3 gxf4 13. Nxf5 O-O-O 14. Qc2
Ng6 15. O-O fxg3 16. hxg3 h5 (16... a5 17. Rfd1 Kb8 18. Rac1 Bc5 19. e3) 17.
Rfc1 Kb8 18. Nb5 Qb6 19. Nbd6 Bxd6 20. Nxd6 Nde5 {Diagram #} 21. Nxb7 Qxb7 22.
Ra3 Rd4 23. f4 Rc4 24. Qd1 Qb6+ 25. e3 Rd8 26. Qf1 Rxc1 27. Qxc1 Ng4 28. a5 Qb4
29. Bxc6 Rd2 30. Bf3 Qxb2 31. Qxb2+ Rxb2 32. a6 Ne7 33. Rc3 Nf5 34. Bb7 Nd6 35.
Bd5 f5 0-1

[Event "Doha 2006"]
[Site "Doha"]
[Date "2006.12.12"]
[Round "7"]
[White "Nguyen Thi, T. (VIE)."]
[Black "Zhao, Xue (CHN)"]
[Result "0-1"]
[WhiteElo "2312"]
[BlackElo "2467"]
[PlyCount "78"]
[EventDate "2006.??.??"]
[WhiteTeam "Vietnam"]
[BlackTeam "China"]
[WhiteTeamCountry "VIE"]
[BlackTeamCountry "CHN"]

1. d4 Nf6 2. c4 e6 3. Nc3 Bb4 4. Qc2 c5 5. dxc5 O-O 6. a3 Bxc5 7. Nf3 b6 8. Bg5
Be7 9. Rd1 h6 10. Bf4 Nc6 11. e4 Nh5 12. Be3 Bc5 13. Bc1 Qc7 14. b4 Be7 15. Be3
Nf6 16. Qc1 d6 17. Nd5 Qb8 18. Nxe7+ Nxe7 19. Bd3 e5 20. h3 Ng6 21. g4 Bb7 22.
Qb1 Qe8 23. Bc2 Qc6 24. Nd2 Rac8 25. f3 b5 26. Bd3 a6 27. O-O Nf4 28. cxb5 axb5
29. Nb3 Nxh3+ 30. Kg2 Ng5 31. Na5 Qd7 32. Bxg5 hxg5 33. Be2 d5 34. Qd3 Ba8 35.
Qxb5 Qe6 36. exd5 Nxd5 37. Qa6 Rc2 38. Kg1 Nf4 39. Bc4 {Diagram #} Qxg4+ 0-1

[Event "Doha 2006"]
[Site "Doha"]
[Date "2006.12.12"]
[Round "7"]
[White "Samhouri, A. (JOR)."]
[Black "Adianto, U. (INA)."]
[Result "0-1"]
[WhiteElo "2322"]
[BlackElo "2589"]
[PlyCount "66"]
[EventDate "2006.??.??"]
[WhiteTeam "Jordanien"]
[BlackTeam "Indonesien"]
[WhiteTeamCountry "JOR"]
[BlackTeamCountry "INA"]

1. e4 g6 2. d4 Bg7 3. Nf3 c5 4. c3 cxd4 5. cxd4 Nf6 6. Nc3 d5 7. exd5 Nxd5 8.
Qb3 Nb6 9. Be3 O-O 10. Rd1 Bg4 11. Be2 Nc6 12. d5 Na5 13. Qb4 Bxf3 14. Bxf3
Nac4 15. Bc1 a5 16. Qb3 a4 17. Qb4 Qd6 18. Qxd6 exd6 19. O-O a3 20. b3 Nb2 21.
Bxb2 axb2 22. Nb5 Be5 23. a4 Rfc8 24. Bg4 Rc5 25. f4 Bg7 26. Bf3 {Diagram #}
Nxa4 27. bxa4 Rxa4 28. Nxd6 Bd4+ 29. Kh1 Ra1 30. Ne4 Rcc1 31. Nd2 Be3 32. d6
Bxd2 33. d7 Ba5 0-1

[Event "Doha 2006"]
[Site "Doha"]
[Date "2006.12.12"]
[Round "7"]
[White "Megaranto, S. (INA)."]
[Black "Rimawi, B. (JOR)."]
[Result "1-0"]
[WhiteElo "2492"]
[BlackElo "2308"]
[PlyCount "83"]
[EventDate "2006.??.??"]
[WhiteTeam "Indonesien"]
[BlackTeam "Jordanien"]
[WhiteTeamCountry "INA"]
[BlackTeamCountry "JOR"]

1. e4 d6 2. d4 Nf6 3. Nc3 g6 4. Be3 c6 5. f3 Bg7 6. Qd2 b5 7. Bh6 Bxh6 8. Qxh6
Nbd7 9. Nh3 Qb6 10. O-O-O e5 11. dxe5 dxe5 12. Kb1 Qc5 13. Be2 Qf8 14. Qd2 Qe7
15. g4 Nb6 16. a3 Bd7 17. Nf2 O-O 18. Qd6 Qxd6 19. Rxd6 Ne8 20. Rdd1 Nc7 21.
Nd3 Rfe8 22. Nc5 Red8 23. Nxd7 Rxd7 24. Rxd7 Nxd7 25. Rd1 {Diagram #} Nb8 26.
Rd8+ Kg7 27. a4 b4 28. Na2 a5 29. Bc4 Kf6 30. Rf8 Ne6 31. Bxe6 Kxe6 32. Nc1 Ke7
33. Rh8 h5 34. Nd3 hxg4 35. fxg4 f6 36. h4 Kf7 37. Kc1 Ke6 38. Kd2 f5 39. exf5+
gxf5 40. gxf5+ Kxf5 41. Ke3 Kg6 42. Ke4 1-0

[Event "Doha 2006"]
[Site "Doha"]
[Date "2006.12.12"]
[Round "7"]
[White "Jamalia, N. (JOR)."]
[Black "Sukandar, I. (INA)."]
[Result "0-1"]
[WhiteElo "1988"]
[BlackElo "2239"]
[PlyCount "76"]
[EventDate "2006.??.??"]
[WhiteTeam "Jordanien"]
[BlackTeam "Indonesien"]
[WhiteTeamCountry "JOR"]
[BlackTeamCountry "INA"]

1. e4 c5 2. Nf3 Nc6 3. d4 cxd4 4. Nxd4 g6 5. Nc3 Bg7 6. Be3 Nf6 7. Be2 O-O 8.
O-O d5 9. exd5 Nxd5 10. Nxd5 Qxd5 11. Bf3 Qa5 12. Nxc6 bxc6 13. c3 Rb8 14. b4
Qa3 15. Qb3 Qxb3 16. axb3 Bxc3 17. Rxa7 Bxb4 18. Bxc6 Be6 19. Ba4 Bd6 20. Rb1
Rfc8 21. g3 Rc3 22. Bg5 Bc5 23. Ra5 Rc2 24. Be3 Bxe3 25. fxe3 Ra2 26. b4 Bf5
27. Rc1 Rxb4 28. Ra8+ Kg7 29. Bc6 Re2 30. Ra3 Be4 31. Bxe4 Rxe4 32. Rcc3 Rb4
33. Rc1 Rbb2 34. h4 Rg2+ 35. Kf1 Rh2 36. Kg1 Rbg2+ 37. Kf1 Rxg3 38. Rc7 e6 0-1

[Event "Doha 2006"]
[Site "Doha"]
[Date "2006.12.12"]
[Round "7"]
[White "Kasimdzhanov, R.(UZB)."]
[Black "Batchuluun, C. (MGL)."]
[Result "1-0"]
[WhiteElo "2672"]
[BlackElo "2404"]
[PlyCount "85"]
[EventDate "2006.??.??"]
[WhiteTeam "Uzbekistan"]
[BlackTeam "Mongolei"]
[WhiteTeamCountry "UZB"]
[BlackTeamCountry "MGL"]

1. d4 Nf6 2. c4 e6 3. Nc3 d5 4. cxd5 exd5 5. Bg5 c6 6. Qc2 Be7 7. e3 Bg4 8.
Nge2 Bxe2 9. Bxe2 O-O 10. O-O Nbd7 11. Bd3 h6 12. Bf4 Nh5 13. Be5 Nhf6 14. Bf5
Re8 15. Rad1 Bf8 16. f4 Nb6 17. Rf3 Nfd7 18. Qf2 f6 19. Bg6 fxe5 20. fxe5 Bb4
21. Ne2 Nc4 22. Bf7+ Kh8 23. Bxe8 Qxe8 24. Nf4 Nf8 25. b3 Nb6 26. Qg3 Be7 27.
h4 Rc8 28. Rdf1 c5 29. Qg4 Rc6 30. Nh5 g6 {Diagram #} 31. Rf7 Nbd7 32. Ng7 Qd8
33. Nf5 Re6 34. Nxh6 Qe8 35. Qf3 cxd4 36. exd4 Bxh4 37. Qxd5 Bg5 38. Rxf8+ Nxf8
39. Nf7+ Kg7 40. Nxg5 Re7 41. Qf3 Ne6 42. Nxe6+ Rxe6 43. Qxb7+ 1-0

[Event "Doha 2006"]
[Site "Doha"]
[Date "2006.12.12"]
[Round "7"]
[White "Gundavaa, B. (MGL)."]
[Black "Barsov, A. (UZB)."]
[Result "1/2-1/2"]
[WhiteElo "2237"]
[BlackElo "2537"]
[PlyCount "89"]
[EventDate "2006.??.??"]
[WhiteTeam "Mongolei"]
[BlackTeam "Uzbekistan"]
[WhiteTeamCountry "MGL"]
[BlackTeamCountry "UZB"]

1. e4 e6 2. d4 d5 3. Nc3 Bb4 4. e5 Ne7 5. Qg4 Nf5 6. a3 Be7 7. Nf3 Nc6 8. h4 h5
9. Qf4 f6 10. g4 Nxh4 11. Nxh4 g5 12. Qg3 gxh4 13. Rxh4 Nxd4 14. Rxh5 Rf8 15.
exf6 Bd6 16. f7+ Rxf7 17. Rh8+ Rf8 18. Rxf8+ Kxf8 19. Qh3 Qf6 20. Bh6+ Ke7 21.
O-O-O Bf4+ 22. Bxf4 Qxf4+ 23. Kb1 Bd7 24. Qh7+ Kd6 {Diagram #} 25. Ne4+ Qxe4
26. Qxe4 dxe4 27. Rxd4+ Ke7 28. Rxe4 Rf8 29. Re2 Bc6 30. Re1 Bd5 31. c4 Bc6 32.
g5 Rxf2 33. Bh3 Bd7 34. g6 Rf6 35. Bg2 Rxg6 36. Bxb7 a5 37. Kc2 Rg3 38. Be4
Ba4+ 39. Kd2 Bb3 40. Bd5 Rg6 41. Kc3 a4 42. Be4 Rg5 43. Bd5 Rg6 44. Be4 Rg5 45.
Bd5 1/2-1/2

[Event "Doha 2006"]
[Site "Doha"]
[Date "2006.12.12"]
[Round "7"]
[White "Sabirova, O. (UZB)."]
[Black "Mongontuul, B. (MGL)."]
[Result "1-0"]
[WhiteElo "2230"]
[BlackElo "2383"]
[PlyCount "123"]
[EventDate "2006.??.??"]
[WhiteTeam "Uzbekistan"]
[BlackTeam "Mongolei"]
[WhiteTeamCountry "UZB"]
[BlackTeamCountry "MGL"]

1. e4 c5 2. Nc3 Nc6 3. Bb5 Nd4 4. Bc4 g6 5. Nf3 Bg7 6. Nxd4 cxd4 7. Qf3 Nh6 8.
Ne2 O-O 9. d3 Ng4 10. Bb3 d6 11. Qg3 Qb6 12. Nf4 Nf6 13. h4 Nh5 14. Nxh5 Qa5+
15. Bd2 Qxh5 16. Bg5 Be5 17. f4 Bf6 18. c3 Bg4 19. Bxf6 exf6 20. cxd4 Qa5+ 21.
Kf1 h5 22. Qe3 Qb4 23. Kf2 a5 24. Kg3 Rac8 25. Rhc1 a4 26. Bc4 b5 27. a3 Qxb2
28. Ra2 Qxc1 29. Qxc1 bxc4 30. dxc4 Be6 31. Rc2 Rfe8 32. Rc3 Bd7 33. Qc2 Bc6
34. d5 Bd7 35. c5 dxc5 36. Rxc5 Rxc5 37. Qxc5 Rxe4 38. Qa7 Bf5 39. d6 Kg7 40.
d7 Re7 41. Qxa4 Rxd7 42. Qb4 Bc2 43. a4 Rd3+ 44. Kf2 Bxa4 45. Qxa4 Rd5 46. Ke3
Rf5 47. Ke4 Rc5 48. Qb4 Rf5 49. g3 Kg8 50. Qc4 Kg7 51. Qc8 Ra5 52. Qc6 Rf5 {
Diagram #} 53. Kd4 Ra5 54. Kc4 Rf5 55. Kb4 Kg8 56. Qc8+ Kg7 57. Qd7 Kg8 58.
Qe8+ Kg7 59. Qd8 g5 60. Qd3 Kg6 61. Kc4 gxf4 62. gxf4 1-0

[Event "Doha 2006"]
[Site "Doha"]
[Date "2006.12.12"]
[Round "7"]
[White "Hossain, E. (BAN)."]
[Black "Laylo, D. (PHI)."]
[Result "1/2-1/2"]
[WhiteElo "2503"]
[BlackElo "2448"]
[PlyCount "103"]
[EventDate "2006.??.??"]
[WhiteTeam "Bangladesch"]
[BlackTeam "Philippinen"]
[WhiteTeamCountry "BAN"]
[BlackTeamCountry "PHI"]

1. d4 d5 2. c4 c6 3. Nf3 Nf6 4. Nc3 a6 5. g3 b5 6. cxd5 cxd5 7. Bg2 e6 8. O-O
Be7 9. Ne5 Bb7 10. Qb3 Nc6 11. Nxc6 Bxc6 12. Bg5 O-O 13. Rfd1 b4 14. Bxf6 gxf6
15. Nb1 Qd7 16. Qf3 Rac8 17. Nd2 f5 18. Rdc1 Bb5 19. e3 Rc6 20. Qd1 Rfc8 21.
Bf1 Bxf1 22. Qxf1 a5 23. Rxc6 Rxc6 24. Rc1 a4 25. Nf3 f6 26. Kg2 Qc8 27. Rxc6
Qxc6 28. Qd1 a3 29. b3 Qc3 30. Qd2 Qa1 31. Ne1 Qb2 32. Nf3 Qa1 33. h3 Kg7 34.
Qc2 Kf7 35. g4 fxg4 36. hxg4 Kg7 37. g5 Qc3 38. gxf6+ Bxf6 39. Qe2 Qb2 40. Qb5
Qxa2 41. Qd7+ Kg6 42. Qxe6 Kg7 43. Qg4+ Kf7 44. Qf5 Kg7 45. Ne5 Bxe5 46. dxe5
Qb2 47. Qd7+ Kf8 48. Qd8+ Kg7 49. Qe7+ Kg8 50. Qd8+ Kg7 51. e6 Qf6 52. e7
1/2-1/2

[Event "Doha 2006"]
[Site "Doha"]
[Date "2006.12.12"]
[Round "7"]
[White "Dableo, R. (PHI)."]
[Black "Reefat, B. (BAN)."]
[Result "1-0"]
[WhiteElo "2425"]
[BlackElo "2489"]
[PlyCount "121"]
[EventDate "2006.??.??"]
[WhiteTeam "Philippinen"]
[BlackTeam "Bangladesch"]
[WhiteTeamCountry "PHI"]
[BlackTeamCountry "BAN"]

1. c4 b6 2. Nc3 Bb7 3. d4 e6 4. Nf3 f5 5. g3 Be7 6. Bg2 Nf6 7. O-O O-O 8. d5
Ne4 9. Nxe4 fxe4 10. Ne1 b5 11. Bxe4 bxc4 12. Qd4 d6 13. Qxc4 Nd7 14. dxe6 d5
15. Qc2 dxe4 16. exd7 Qxd7 17. Ng2 Rf7 18. Bf4 c5 19. Rfd1 Qc6 20. Be3 Raf8 21.
Nf4 Rf5 22. Qc4+ R8f7 {Diagram #} 23. Qe6 Qxe6 24. Nxe6 Bc8 25. Nxc5 Rxc5 26.
Bxc5 Bxc5 27. Rac1 Bxf2+ 28. Kg2 Bd7 29. Rxd7 Rxd7 30. Kxf2 Rd2 31. Rc8+ Kf7
32. Rb8 h5 33. a4 Kf6 34. Rb5 g5 35. h3 Kg6 36. h4 gxh4 37. gxh4 Rd4 38. Rg5+
Kh6 39. b3 Rb4 40. Rb5 e3+ 41. Kg3 Rg4+ 42. Kh3 Rf4 43. Re5 Kg6 44. Rxe3 Rb4
45. Rd3 Kf5 46. Rd5+ Kf4 47. Rxh5 Rxb3+ 48. Kg2 Rg3+ 49. Kf2 Rh3 50. Rh7 Rh2+
51. Ke1 Ke3 52. Re7+ Kd4 53. Rxa7 Rxh4 54. a5 Rh1+ 55. Kd2 Ra1 56. a6 Ra2+ 57.
Ke1 Kc5 58. Ra8 Kb6 59. Kf2 Ra3 60. e3 Ra1 61. Kf3 1-0

[Event "Doha 2006"]
[Site "Doha"]
[Date "2006.12.12"]
[Round "7"]
[White "Annaberdiev, M. (TKM)."]
[Black "Ayyad, M. (BRN)."]
[Result "1-0"]
[WhiteElo "2457"]
[BlackElo "2137"]
[PlyCount "93"]
[EventDate "2006.??.??"]
[WhiteTeam "Turkmenistan"]
[BlackTeam "BRN"]
[WhiteTeamCountry "TKM"]

1. d4 d5 2. Nf3 Nf6 3. Bf4 c5 4. e3 Nc6 5. c3 e6 6. Nbd2 Bd6 7. Bg3 O-O 8. Bd3
Qe7 9. Ne5 Nd7 10. f4 f5 11. Ndf3 Nf6 12. Bh4 Qe8 13. O-O Ne4 14. Kh1 Nxe5 15.
fxe5 Be7 16. Bxe7 Qxe7 17. c4 cxd4 18. exd4 Bd7 19. cxd5 exd5 20. Ng1 Qb4 21.
Ne2 Bc6 22. Qb3 Qxb3 23. axb3 g5 24. b4 a6 25. g3 Rac8 26. Nc3 Rc7 27. Ra5 Rd7
28. Kg1 Kg7 29. e6 Re7 30. Nxd5 Rxe6 31. Nc7 Re7 32. d5 Rxc7 33. dxc6 Rxc6 34.
Raxf5 Rxf5 35. Rxf5 Re6 36. b5 h6 37. Bc4 Rb6 38. Rf7+ Kg6 39. Rc7 Nd6 40. Bd3+
Kf6 41. Rh7 Nf7 42. Bc4 Nd6 43. Be2 Kg6 44. Bd3+ Nf5 45. Rh8 Kg7 {Diagram #}
46. Rb8 Nd4 47. bxa6 1-0

[Event "Doha 2006"]
[Site "Doha"]
[Date "2006.12.12"]
[Round "7"]
[White "Ayyad, H. (BRN)."]
[Black "Amanov, M. (TKM)."]
[Result "0-1"]
[WhiteElo "2003"]
[BlackElo "2339"]
[PlyCount "112"]
[EventDate "2006.??.??"]
[WhiteTeam "BRN"]
[BlackTeam "Turkmenistan"]
[BlackTeamCountry "TKM"]

1. e4 c5 2. Nf3 e6 3. d4 cxd4 4. Nxd4 Nf6 5. Nc3 Nc6 6. Nxc6 bxc6 7. e5 Nd5 8.
Ne4 Qc7 9. f4 Qb6 10. c4 Bb4+ 11. Ke2 Ba6 12. Kf3 f5 13. Nf2 Ne7 14. Be3 Bc5
15. Bxc5 Qxc5 16. Qd6 Qb6 17. b3 c5 18. Be2 Nc6 19. Kg3 Nd4 20. Bh5+ g6 21. Bf3
Rc8 22. h4 h5 23. Rhd1 Rc7 24. Rab1 Rc8 25. Qxb6 axb6 26. Rxd4 cxd4 27. a4 Ke7
28. Rd1 Bxc4 29. bxc4 Rxc4 30. Rb1 Rb8 31. a5 b5 32. Nd3 Ra4 33. Nc5 Rxa5 34.
Rb4 Ra7 35. Rxd4 b4 36. Nb3 Rc7 37. Bd1 Rc3+ 38. Kf2 Rb6 39. Ke1 Rb5 40. Kd2
Rb6 41. Nc1 Rg3 42. Bf3 b3 43. Ne2 b2 44. Nc3 b1=Q 45. Nxb1 Rxb1 46. Ke2 Rb2+
47. Kf1 Rxf3+ 48. gxf3 Rh2 49. Kg1 Rxh4 50. Kg2 g5 51. Kg3 Rxf4 52. Rxf4 gxf4+
53. Kh4 d5 54. exd6+ Kxd6 55. Kxh5 Kd5 56. Kg6 Ke5 0-1

[Event "Doha 2006"]
[Site "Doha"]
[Date "2006.12.12"]
[Round "7"]
[White "Nanjo, R. (JPN)."]
[Black "Tamra, A. (PLE)."]
[Result "1-0"]
[WhiteElo "2186"]
[BlackElo "2102"]
[PlyCount "79"]
[EventDate "2006.??.??"]
[WhiteTeam "Japan"]
[BlackTeam "Palästina"]
[WhiteTeamCountry "JPN"]
[BlackTeamCountry "PLE"]

1. d4 Nf6 2. Bg5 g6 3. Bxf6 exf6 4. e3 Bg7 5. c4 O-O 6. Nc3 d6 7. g3 Nc6 8. Bg2
Re8 9. Nge2 Bg4 10. h3 Bd7 11. O-O Qc8 12. Kh2 Rb8 13. Rc1 a6 14. Nd5 Ne7 15.
Nec3 Qd8 16. b4 c6 17. Nxe7+ Qxe7 18. a4 f5 19. Qd3 h5 20. c5 dxc5 21. bxc5
Rbd8 22. h4 Bc8 23. Ne2 Be5 24. Kg1 Bc7 25. Qc3 g5 26. hxg5 Qxg5 27. f4 Qe7 28.
Kf2 Ba5 29. Qd3 h4 30. Rh1 hxg3+ 31. Nxg3 Bb4 32. Bh3 Rd5 33. Bxf5 Bxf5 34.
Nxf5 Qf6 35. Nd6 Rxd6 36. cxd6 Bxd6 37. Qh7+ Kf8 38. Rh6 Qd8 39. Qh8+ Ke7 40.
Qf6+ 1-0